[Event "Svetla nad Sazavou Mares Memorial"]
[Site "Svetla nad Sazavou"]
[Date "2023.12.29"]
[Round "8"]
[White "Matejovsky, Ondrej"]
[Black "Vranova, Zdenka"]
[Result "0-1"]
[WhiteElo "2000"]
[BlackElo "1861"]
[PlyCount "156"]
[EventDate "2023.12.29"]
[EventType "swiss"]
[EventRounds "9"]
[EventCountry "CZE"]
[SourceTitle "CB02_2024"]
[SourceDate "2024.01.10"]
[SourceVersion "1"]
[SourceVersionDate "2024.01.10"]
[SourceQuality "1"]

1. e4 e5 2. Nf3 Nf6 3. Nc3 d6 4. d4 Nbd7 5. Bc4 h6 6. dxe5 dxe5 7. 0-0 c6 8. a3 Qc7 9. Be3 Bc5 10. Qe2 b5 11. Ba2 0-0 12. Rad1 a5 13. Rd2 Ba6 14. Nb1 b4 15. Bc4 Bxe3 16. fxe3 Bxc4 17. Qxc4 Nb6 18. Qe2 Nxe4 19. Rdd1 Nf6 20. e4 Na4 21. b3 Nc5 22. axb4 axb4 23. Nbd2 Rfe8 24. Qc4 Qb6 25. Kh1 Ra5 26. Qe2 Ra2 27. Qc4 Ra7 28. Nh4 Ne6 29. Nf5 Ng4 30. Qe2 h5 31. h3 Nf6 32. Nc4 Qc5 33. Qf3 Ng5 34. Qe2 Ngxe4 35. Qe3 Qxe3 36. Ncxe3 Re6 37. Kg1 g6 38. Rd8+ Re8 39. Rxe8+ Nxe8 40. Nh4 N8d6 41. Rd1 Kf8 42. Nf3 f6 43. Kf1 Ke7 44. Nd2 Nxd2+ 45. Rxd2 Ne4 46. Rd1 Ra2 47. Ke1 Nc3 48. Rd2 Ra1+ 49. Nd1 Rc1 50. Rd3 Nd5 51. Rd2 Ne3 52. Ke2 Nxc2 53. Ne3 Nd4+ 54. Kd3 Rc3+ 55. Ke4 Nxb3 56. Ra2 Nc5+ 57. Kf3 Ke6 58. Ra8 e4+ 59. Ke2 Ke5 60. Rb8 Nd3 61. g4 h4 62. Re8+ Kf4 63. Re6 Kg3 64. Rxe4 Nf4+ 65. Kd2 Rd3+ 66. Kc2 c5 67. Nf1+ Kf3 68. Rxf4+ Kxf4 69. Kxd3 c4+ 70. Kxc4 Kf3 71. Kd5 Kg2 72. Nd2 Kxh3 73. Ke6 Kxg4 74. Kxf6 g5 75. Ke5 h3 76. Nf1 Kf3 77. Nh2+ Kg2 78. Ng4 h2 0-1

[Event "Klatovy op-A 29th"]
[Site "Klatovy"]
[Date "2023.07.07"]
[Round "7"]
[White "Pirklova, Hana"]
[Black "Matejovsky, Ondrej"]
[Result "1-0"]
[WhiteElo "2085"]
[BlackElo "1928"]
[PlyCount "43"]
[EventDate "2023.07.01"]
[EventType "swiss"]
[EventRounds "9"]
[EventCountry "CZE"]
[SourceTitle "CBM 215 Extra"]
[Source "ChessBase"]
[SourceDate "2023.09.30"]
[SourceVersion "1"]
[SourceVersionDate "2023.09.30"]
[SourceQuality "1"]

1. e4 e5 2. Nf3 Nf6 3. Nxe5 d6 4. Nf3 Nxe4 5. d4 d5 6. Bd3 Bd6 7. 0-0 0-0 8. Re1 Bf5 9. c4 c6 10. Qb3 Qd7 11. Nc3 Nxc3 12. Bxf5 Qxf5 13. bxc3 b6 14. cxd5 Qxd5 15. c4 Qa5 16. c5 bxc5 17. Qb7 Qb6 18. Qxa8 Na6 19. Re8 Bb8 20. Rxf8+ Kxf8 21. dxc5 Qd8 22. Bf4 1-0

[Event "Cardiff Welsh op"]
[Site "Cardiff"]
[Date "2023.04.08"]
[Round "2"]
[White "Wilmot, Daniel"]
[Black "Matejovsky, Ondrej"]
[Result "0-1"]
[WhiteElo "1644"]
[BlackElo "1936"]
[PlyCount "52"]
[EventDate "2023.04.07"]
[EventType "swiss"]
[EventRounds "7"]
[EventCountry "WLS"]
[SourceTitle "EXT 2024"]
[Source "ChessBase"]
[SourceDate "2023.10.10"]
[SourceVersion "1"]
[SourceVersionDate "2023.10.10"]
[SourceQuality "1"]

1. e4 e5 2. Nf3 Nf6 3. Nxe5 d6 4. Nf3 Nxe4 5. d4 d5 6. Bd3 Bd6 7. Nbd2 Nxd2 8. Bxd2 Bg4 9. 0-0 0-0 10. Re1 Qf6 11. c3 Bxf3 12. gxf3 Qh4 13. f4 Bxf4 14. Bxf4 Qxf4 15. Qh5 g6 16. Qxd5 Nc6 17. Re3 Rad8 18. Qb3 Rfe8 19. Rae1 Rxe3 20. Rxe3 Rd6 21. Qxb7 Rf6 22. Qc8+ Kg7 23. Re2 Qf3 24. Rd2 Re6 25. Qxc7 Re1+ 26. Bf1 Re6 0-1

[Event "Cardiff Welsh op"]
[Site "Cardiff"]
[Date "2023.04.07"]
[Round "1"]
[White "Matejovsky, Ondrej"]
[Black "Fowler, Caspian"]
[Result "1-0"]
[WhiteElo "1936"]
[BlackElo "1546"]
[PlyCount "59"]
[EventDate "2023.04.07"]
[EventType "swiss"]
[EventRounds "7"]
[EventCountry "WLS"]
[SourceTitle "EXT 2024"]
[Source "ChessBase"]
[SourceDate "2023.10.10"]
[SourceVersion "1"]
[SourceVersionDate "2023.10.10"]
[SourceQuality "1"]

1. e4 e5 2. Nf3 Nc6 3. Nc3 Nf6 4. Bb5 Bc5 5. Nxe5 Nxe5 6. d4 Bb4 7. dxe5 Nxe4 8. Qd4 Nxc3 9. bxc3 Be7 10. 0-0 0-0 11. Rd1 d6 12. Ba3 Be6 13. exd6 Bxd6 14. Bxd6 Qxd6 15. Ba4 Qxd4 16. cxd4 Rad8 17. c3 Rd6 18. Bb3 Rfd8 19. Re1 Ra6 20. d5 Bf5 21. Re7 Bg6 22. Rae1 Kf8 23. Rxc7 Rb6 24. f3 Re8 25. Kf2 Rxe1 26. Kxe1 f6 27. c4 Bb1 28. c5 Rb5 29. d6 h6 30. Rc8# 1-0

[Event "Mid Bohemia Region-chT 2223"]
[Site "Czech Republic"]
[Date "2023.03.19"]
[Round "10.4"]
[White "Pistik, Petr"]
[Black "Matejovsky, Ondrej"]
[Result "1/2-1/2"]
[WhiteElo "2004"]
[BlackElo "1930"]
[PlyCount "65"]
[EventDate "2022.10.09"]
[EventType "team-tourn"]
[EventRounds "11"]
[EventCountry "CZE"]
[SourceTitle "EXT 2024"]
[Source "ChessBase"]
[SourceDate "2023.10.10"]
[SourceVersion "1"]
[SourceVersionDate "2023.10.10"]
[SourceQuality "1"]
[WhiteTeam "Nymburk Sokol"]
[BlackTeam "Vlasim II"]
[WhiteTeamCountry "CZE"]
[BlackTeamCountry "CZE"]

1. e4 e5 2. Nf3 Nf6 3. Nxe5 d6 4. Nf3 Nxe4 5. Nc3 Nxc3 6. dxc3 Nc6 7. Be3 Be7 8. Qd2 Be6 9. 0-0-0 a6 10. Nd4 Nxd4 11. cxd4 d5 12. Bd3 Qd7 13. Kb1 0-0-0 14. Rc1 Bf5 15. Bf4 Bxd3 16. Qxd3 g6 17. Rhe1 Bd6 18. Bxd6 Qxd6 19. Re5 Qd7 20. Qe2 Rhe8 21. Re1 Rxe5 22. Qxe5 c6 23. h3 h5 24. a3 Qd6 25. Qg5 Kd7 26. Qe3 Qf8 27. Qb3 Kc8 28. Qe3 Kd7 29. Qb3 Kc8 30. Re5 Re8 31. Qe3 Rxe5 32. Qxe5 Kd7 33. g3 1/2-1/2

[Event "Mid Bohemia Region-chT 2223"]
[Site "Czech Republic"]
[Date "2023.01.15"]
[Round "6.4"]
[White "Matejovsky, Ondrej"]
[Black "Zeithamel, Radek"]
[Result "1/2-1/2"]
[WhiteElo "1930"]
[BlackElo "2033"]
[PlyCount "59"]
[EventDate "2022.10.09"]
[EventType "team-tourn"]
[EventRounds "11"]
[EventCountry "CZE"]
[SourceTitle "EXT 2024"]
[Source "ChessBase"]
[SourceDate "2023.10.10"]
[SourceVersion "1"]
[SourceVersionDate "2023.10.10"]
[SourceQuality "1"]
[WhiteTeam "Vlasim II"]
[BlackTeam "Kostelec nad CL"]
[WhiteTeamCountry "CZE"]
[BlackTeamCountry "CZE"]

1. e4 e6 2. d4 d5 3. exd5 exd5 4. Bd3 Bd6 5. Nf3 Nf6 6. 0-0 0-0 7. Bg5 Bg4 8. Re1 c6 9. Nbd2 Nbd7 10. c3 Qc7 11. Qc2 Rfe8 12. Bh4 Bh5 13. Bg3 Bg6 14. Nh4 Rxe1+ 15. Rxe1 Re8 16. Rxe8+ Nxe8 17. Nf5 Bxg3 18. hxg3 Ndf6 19. Nf3 Nd6 20. Nxd6 Qxd6 21. Bxg6 hxg6 22. Qa4 a6 23. Qa5 Ne4 24. Qb6 Qe7 25. Qa7 f6 26. Qb8+ Kh7 27. Qf4 Nd6 28. Qh4+ Kg8 29. Qg4 Kh7 30. Qh4+ 1/2-1/2

[Event "CZE-chT2A 2223"]
[Site "Czech Republic"]
[Date "2022.11.06"]
[Round "2.8"]
[White "Staszko, Martin"]
[Black "Matejovsky, Ondrej"]
[Result "0-1"]
[WhiteElo "1966"]
[BlackElo "1926"]
[PlyCount "64"]
[EventDate "2022.10.16"]
[EventType "team-tourn"]
[EventRounds "11"]
[EventCountry "CZE"]
[SourceTitle "EXT 2024"]
[Source "ChessBase"]
[SourceDate "2023.10.10"]
[SourceVersion "1"]
[SourceVersionDate "2023.10.10"]
[SourceQuality "1"]
[WhiteTeam "Praha Dukla"]
[BlackTeam "Vlasim"]
[WhiteTeamCountry "CZE"]
[BlackTeamCountry "CZE"]

1. d4 d5 2. Nf3 Nf6 3. c4 e6 4. Nc3 Be7 5. Bf4 0-0 6. e3 c6 7. h3 dxc4 8. Bxc4 Nd5 9. Bg3 Nxc3 10. bxc3 Bd6 11. Bxd6 Qxd6 12. e4 b6 13. 0-0 Ba6 14. Bd3 Bxd3 15. Qxd3 Nd7 16. e5 Qe7 17. Rfe1 Rfd8 18. Rad1 c5 19. Qe3 Rac8 20. Re2 cxd4 21. cxd4 Qb4 22. d5 Nc5 23. d6 Nd7 24. Rd4 Rc4 25. Qg5 Re8 26. Ree4 Rxd4 27. Rxd4 Qb1+ 28. Kh2 Qb5 29. Rg4 g6 30. Rh4 Rc8 31. g3 Rc2 32. Qh6 Rxf2+ 0-1

[Event "Mid Bohemia Region-chT 2223"]
[Site "Czech Republic"]
[Date "2022.10.30"]
[Round "2.5"]
[White "Valtera, Jiri"]
[Black "Matejovsky, Ondrej"]
[Result "1/2-1/2"]
[WhiteElo "1795"]
[BlackElo "1930"]
[PlyCount "40"]
[EventDate "2022.10.09"]
[EventType "team-tourn"]
[EventRounds "11"]
[EventCountry "CZE"]
[SourceTitle "EXT 2024"]
[Source "ChessBase"]
[SourceDate "2023.10.10"]
[SourceVersion "1"]
[SourceVersionDate "2023.10.10"]
[SourceQuality "1"]
[WhiteTeam "Odolena Voda Aero"]
[BlackTeam "Vlasim II"]
[WhiteTeamCountry "CZE"]
[BlackTeamCountry "CZE"]

1. d4 d5 2. Nf3 Nf6 3. Bf4 c6 4. e3 Bg4 5. Nbd2 e6 6. c3 Bd6 7. Bxd6 Qxd6 8. Qb3 b6 9. Ne5 Bf5 10. Be2 h6 11. 0-0 Nbd7 12. Ndf3 0-0 13. Rac1 b5 14. Bd3 Bxd3 15. Nxd3 Ne4 16. Qb4 a5 17. Qxd6 Nxd6 18. Nfe5 Nxe5 19. Nxe5 Rfc8 20. Nd7 Rc7 1/2-1/2

[Event "CZE-chT2A 2223"]
[Site "Czech Republic"]
[Date "2022.10.16"]
[Round "1.7"]
[White "Matejovsky, Ondrej"]
[Black "Kovarik, Vojtech"]
[Result "1-0"]
[WhiteElo "1926"]
[BlackElo "1656"]
[PlyCount "87"]
[EventDate "2022.10.16"]
[EventType "team-tourn"]
[EventRounds "11"]
[EventCountry "CZE"]
[SourceTitle "EXT 2024"]
[Source "ChessBase"]
[SourceDate "2023.10.10"]
[SourceVersion "1"]
[SourceVersionDate "2023.10.10"]
[SourceQuality "1"]
[WhiteTeam "Vlasim"]
[BlackTeam "Pribram"]
[WhiteTeamCountry "CZE"]
[BlackTeamCountry "CZE"]

1. e4 e5 2. Nc3 Nc6 3. Bc4 Nf6 4. d3 Bb4 5. Bg5 h6 6. Bh4 Nd4 7. Nge2 d6 8. 0-0 Bg4 9. f3 Bh5 10. Nxd4 Bc5 11. Nce2 exd4 12. Bf2 Nd7 13. Nxd4 Ne5 14. Bb3 Qg5 15. Kh1 0-0-0 16. Qe2 Ng6 17. Be3 Nf4 18. Qd2 Bxd4 19. Bxf4 Qf6 20. c3 Bb6 21. a4 a6 22. Be3 Bxe3 23. Qxe3 Kb8 24. Bd5 Rhe8 25. Ra3 Qe5 26. Qf2 c6 27. Bxc6 Re7 28. Bd5 f5 29. Qb6 Rdd7 30. Rb3 Bf7 31. Bxf7 Rxf7 32. d4 Qe6 33. d5 Qe5 34. Re1 Rfe7 35. Rb4 Qxd5 36. Rd4 Qe5 37. Kg1 Qf4 38. Qb3 fxe4 39. Rexe4 Rxe4 40. Rxe4 Qc1+ 41. Kf2 d5 42. Re8+ Ka7 43. a5 b5 44. Qb4 1-0

[Event "CZE-ch Amateur"]
[Site "Luhacovice"]
[Date "2022.03.15"]
[Round "5"]
[White "Zednicek, Filip"]
[Black "Matejovsky, Ondrej"]
[Result "1/2-1/2"]
[WhiteElo "1570"]
[BlackElo "1939"]
[PlyCount "21"]
[EventDate "2022.03.12"]
[EventType "swiss"]
[EventRounds "9"]
[EventCountry "CZE"]
[SourceTitle "EXT 2023"]
[Source "ChessBase"]
[SourceDate "2022.10.05"]
[SourceVersion "1"]
[SourceVersionDate "2022.10.05"]
[SourceQuality "1"]

1. e4 e5 2. d4 exd4 3. Nf3 d6 4. Nxd4 Nf6 5. Nc3 Be7 6. Bc4 0-0 7. 0-0 b6 8. Nd5 Bb7 9. Nf5 Nxd5 10. Bxd5 Bxd5 11. Qxd5 1/2-1/2

[Event "CZE-chT2A 1920"]
[Site "Czech Republic"]
[Date "2020.06.27"]
[Round "10.8"]
[White "Steimar, Miroslav"]
[Black "Matejovsky, Ondrej"]
[Result "0-1"]
[WhiteElo "1882"]
[BlackElo "2022"]
[PlyCount "92"]
[EventDate "2019.10.13"]
[EventType "team-tourn"]
[EventRounds "11"]
[EventCountry "CZE"]
[SourceTitle "EXT 2024"]
[Source "ChessBase"]
[SourceDate "2023.10.10"]
[SourceVersion "1"]
[SourceVersionDate "2023.10.10"]
[SourceQuality "1"]
[WhiteTeam "Praha Mahrla"]
[BlackTeam "Vlasim II"]
[WhiteTeamCountry "CZE"]
[BlackTeamCountry "CZE"]

1. c4 e5 2. Nc3 Bb4 3. a3 Bxc3 4. bxc3 Nf6 5. d4 d6 6. Bg5 0-0 7. e3 Nbd7 8. Bd3 b6 9. Be4 Rb8 10. Ne2 h6 11. Bxf6 Nxf6 12. Bc6 Bd7 13. Bxd7 Qxd7 14. 0-0 Qc6 15. Qb3 b5 16. cxb5 Rxb5 17. Qa2 Rfb8 18. Rab1 Qb7 19. Rxb5 Qxb5 20. Ng3 Qb3 21. Qa1 Qb2 22. c4 Rb3 23. dxe5 dxe5 24. Qd1 Rb8 25. Qa4 Qb6 26. h3 g6 27. Rd1 Kg7 28. Kh2 a6 29. Rf1 h5 30. Kg1 Rd8 31. Qc2 Qc6 32. Rc1 h4 33. Nf1 Qd6 34. Qb2 Ne4 35. Qb7 Nc5 36. Qd5 Qxd5 37. cxd5 Rxd5 38. e4 Nxe4 39. Rxc7 Rd1 40. Rc2 Ra1 41. Re2 f5 42. g4 hxg3 43. f3 Ng5 44. Kg2 Nxf3 45. Nxg3 Rxa3 46. Kf2 e4 0-1

[Event "CZE-chT2A 1920"]
[Site "Czech Republic"]
[Date "2020.01.26"]
[Round "7.6"]
[White "Matejovsky, Ondrej"]
[Black "Novak, Vaclav2222"]
[Result "1-0"]
[WhiteElo "2022"]
[BlackElo "1938"]
[PlyCount "147"]
[EventDate "2019.10.13"]
[EventType "team-tourn"]
[EventRounds "11"]
[EventCountry "CZE"]
[SourceTitle "EXT 2024"]
[Source "ChessBase"]
[SourceDate "2023.10.10"]
[SourceVersion "1"]
[SourceVersionDate "2023.10.10"]
[SourceQuality "1"]
[WhiteTeam "Vlasim II"]
[BlackTeam "Strakonice"]
[WhiteTeamCountry "CZE"]
[BlackTeamCountry "CZE"]

1. e4 e5 2. Nf3 Nc6 3. Nc3 Nf6 4. Bb5 a6 5. Bxc6 bxc6 6. Nxe5 Bb7 7. 0-0 d6 8. Nf3 Be7 9. d4 0-0 10. Bg5 h6 11. Bxf6 Bxf6 12. e5 Be7 13. Re1 Rb8 14. Qd3 Bc8 15. b3 Kh8 16. Ne4 Ra8 17. exd6 cxd6 18. Re2 Bf5 19. Qe3 Bg6 20. c4 f5 21. Nc3 Re8 22. Qf4 Qd7 23. Rae1 Bf6 24. Rxe8+ Rxe8 25. Rxe8+ Bxe8 26. Qe3 Bf7 27. g3 Kg8 28. Ne1 g5 29. Ng2 Kg7 30. d5 c5 31. Ne2 Qd8 32. Kf1 Qa5 33. a4 Qb4 34. h4 Qa3 35. hxg5 hxg5 36. Ne1 Qa1 37. Qc1 Qe5 38. Nf3 Qe7 39. Qe3 Qd8 40. Qd3 Bg6 41. Qe3 Bf7 42. Nd2 Qh8 43. Kg2 Qd8 44. Qf3 Qe7 45. Nf1 Qd7 46. Ne3 Bg6 47. Nd1 Qe8 48. Qe3 Qb8 49. Ng1 Bf7 50. Nh3 Qd8 51. f4 Bd4 52. Qe2 Bf6 53. Ne3 Bg6 54. fxg5 Bxg5 55. Qf3 Qf6 56. Nxg5 Qxg5 57. Kf2 Qf6 58. Ng2 Qd4+ 59. Kf1 Kf6 60. Nf4 Bf7 61. Qe2 Qc3 62. Qd3 Qc1+ 63. Kg2 Qb2+ 64. Kh3 Qc1 65. Qf3 Qb1 66. Kh2 Qc2+ 67. Ne2 Bg6 68. Qe3 Bh5 69. Qh6+ Bg6 70. Qf8+ Bf7 71. Qxd6+ Kg5 72. Qe7+ Kg4 73. Kg2 Bg6 74. Qh4# 1-0

[Event "CZE-chT2A 1920"]
[Site "Czech Republic"]
[Date "2020.01.12"]
[Round "6.8"]
[White "Mares, Daniel"]
[Black "Matejovsky, Ondrej"]
[Result "1/2-1/2"]
[WhiteElo "1857"]
[BlackElo "2022"]
[PlyCount "47"]
[EventDate "2019.10.13"]
[EventType "team-tourn"]
[EventRounds "11"]
[EventCountry "CZE"]
[SourceTitle "EXT 2024"]
[Source "ChessBase"]
[SourceDate "2023.10.10"]
[SourceVersion "1"]
[SourceVersionDate "2023.10.10"]
[SourceQuality "1"]
[WhiteTeam "Pisek"]
[BlackTeam "Vlasim II"]
[WhiteTeamCountry "CZE"]
[BlackTeamCountry "CZE"]

1. e4 e5 2. Nf3 Nf6 3. Nxe5 d6 4. Nxf7 Kxf7 5. Nc3 Be6 6. d4 c5 7. d5 Bc8 8. Be2 Be7 9. Be3 Rf8 10. g4 Ne8 11. Qd2 Bf6 12. g5 Bxc3 13. Qxc3 Qe7 14. 0-0-0 Nd7 15. f4 Qxe4 16. Qd2 Kg8 17. Bd3 Qa4 18. Kb1 Nb6 19. b3 Qa3 20. Qg2 Qb4 21. Bd2 Qd4 22. Bc1 Qb4 23. Bd2 Qd4 24. Bc1 1/2-1/2

[Event "Vsetin op 43rd"]
[Site "Vsetin"]
[Date "2018.07.08"]
[Round "6"]
[White "Matejovsky, Ondrej"]
[Black "Pycha, Patrik"]
[Result "1-0"]
[WhiteElo "2028"]
[BlackElo "2097"]
[PlyCount "77"]
[EventDate "2018.07.04"]
[EventType "swiss"]
[EventRounds "9"]
[EventCountry "CZE"]
[SourceTitle "CBM 185 Extra"]
[Source "ChessBase"]
[SourceDate "2018.07.29"]
[SourceVersion "1"]
[SourceVersionDate "2018.07.29"]
[SourceQuality "1"]

1. e4 e5 2. Nc3 Nf6 3. Nf3 Nc6 4. d4 exd4 5. Nxd4 Bb4 6. Nxc6 bxc6 7. Bd3 d5 8. exd5 cxd5 9. 0-0 0-0 10. Bg5 c6 11. Qf3 h6 12. Bxf6 Qxf6 13. Qxf6 gxf6 14. Ne2 Re8 15. Ng3 Be6 16. Nh5 Be7 17. Rfe1 Kh8 18. Re3 Bg4 19. Rae1 Bxh5 20. Rxe7 Rxe7 21. Rxe7 c5 22. b3 c4 23. bxc4 dxc4 24. Bxc4 Rc8 25. Bb3 a5 26. f3 Kg7 27. Ra7 Rc5 28. Kf2 Bg6 29. Ke3 a4 30. Rxa4 Bxc2 31. Rc4 Re5+ 32. Kf2 Bd3 33. Rc7 Re2+ 34. Kg3 Bg6 35. a4 Rb2 36. Bc4 Rc2 37. a5 Bd3 38. Rxf7+ Kg8 39. Bxd3 1-0

[Event "Vsetin op 43rd"]
[Site "Vsetin"]
[Date "2018.07.07"]
[Round "5"]
[White "Matejovsky, Ondrej"]
[Black "Horak, Martin"]
[Result "1/2-1/2"]
[WhiteElo "2028"]
[BlackElo "2284"]
[PlyCount "106"]
[EventDate "2018.07.04"]
[EventType "swiss"]
[EventRounds "9"]
[EventCountry "CZE"]
[SourceTitle "CBM 185 Extra"]
[Source "ChessBase"]
[SourceDate "2018.07.29"]
[SourceVersion "1"]
[SourceVersionDate "2018.07.29"]
[SourceQuality "1"]

1. e4 d6 2. d4 Nf6 3. Nc3 g6 4. Bg5 c6 5. e5 Nd5 6. Nxd5 cxd5 7. Nf3 Nc6 8. Qd2 Bg4 9. exd6 Bxf3 10. gxf3 Qxd6 11. Bf4 Qe6+ 12. Be3 Bg7 13. 0-0-0 h5 14. h4 Qd7 15. Kb1 e6 16. c3 Rc8 17. Bd3 Na5 18. Bg5 Nc4 19. Bxc4 Rxc4 20. Rde1 b5 21. Qf4 Qc7 22. Qxc7 Rxc7 23. Bf4 Rc6 24. Be5 Bxe5 25. Rxe5 Kd7 26. a3 a5 27. Kc2 Rhc8 28. Ra1 Rc4 29. Kd3 Kd6 30. Ree1 Ke7 31. Re5 Kf6 32. Ra2 b4 33. axb4 axb4 34. Ra4 bxc3 35. Rxc4 Rxc4 36. bxc3 Ra4 37. Re1 Ra2 38. Rf1 Kf5 39. Ke3 Rc2 40. Kd3 Ra2 41. Ke3 f6 42. f4 Ra3 43. Rc1 Rb3 44. Kf3 e5 45. fxe5 fxe5 46. Ke3 e4 47. f3 exf3 48. Kxf3 Ra3 49. Rc2 g5 50. hxg5 Kxg5 51. Kg3 Rb3 52. Kh2 Kf4 53. c4 dxc4 1/2-1/2

[Event "Ceske Budejovice op"]
[Site "Ceske Budejovice"]
[Date "2018.06.29"]
[Round "9"]
[White "Musil, Vitezslav"]
[Black "Matejovsky, Ondrej"]
[Result "0-1"]
[WhiteElo "1951"]
[BlackElo "2028"]
[PlyCount "66"]
[EventDate "2018.06.21"]
[EventType "swiss"]
[EventRounds "9"]
[EventCountry "CZE"]
[SourceTitle "CBM 185 Extra"]
[Source "ChessBase"]
[SourceDate "2018.07.29"]
[SourceVersion "1"]
[SourceVersionDate "2018.07.29"]
[SourceQuality "1"]

1. Nf3 d5 2. c4 d4 3. g3 g6 4. Bg2 Bg7 5. d3 Nc6 6. 0-0 e5 7. a3 a5 8. Nbd2 f5 9. Qc2 Nf6 10. Rb1 Qe7 11. e3 dxe3 12. fxe3 0-0 13. Re1 e4 14. dxe4 Nxe4 15. Nxe4 fxe4 16. Nd2 Bf5 17. c5 Kh8 18. b4 axb4 19. axb4 Ne5 20. Bb2 Nf3+ 21. Kh1 Nxe1 22. Rxe1 Bxb2 23. Qxb2+ Qg7 24. Qxg7+ Kxg7 25. Nxe4 Ra2 26. Nc3 Rc2 27. Nb5 b6 28. cxb6 cxb6 29. Nd4 Rb2 30. b5 Bg4 31. h4 Rff2 32. Bc6 Rh2+ 33. Kg1 Rh3 0-1

[Event "Brno op 7th"]
[Site "Brno"]
[Date "2017.11.14"]
[Round "4"]
[White "Matejovsky, Ondrej"]
[Black "Kastner, Oldrich"]
[Result "1-0"]
[WhiteElo "2022"]
[BlackElo "2025"]
[PlyCount "53"]
[EventDate "2017.11.11"]
[EventType "swiss"]
[EventRounds "9"]
[EventCountry "CZE"]
[SourceTitle "CBM 181 Extra"]
[Source "ChessBase"]
[SourceDate "2017.12.12"]
[SourceVersion "1"]
[SourceVersionDate "2017.12.12"]
[SourceQuality "1"]

1. e4 e6 2. d4 d5 3. exd5 exd5 4. Bd3 Nc6 5. c3 Bd6 6. Nf3 Nge7 7. 0-0 Bg4 8. Bg5 Qd7 9. Nbd2 h6 10. Bxe7 Nxe7 11. Re1 0-0-0 12. b4 Bf5 13. Nb3 Bxd3 14. Qxd3 Qf5 15. Qb5 c6 16. Qa5 Kb8 17. Ne5 Rhf8 18. b5 f6 19. Nf7 Bxh2+ 20. Kxh2 Qh5+ 21. Kg1 Qxf7 22. Qb4 Rfe8 23. Na5 Ka8 24. Nxb7 Kxb7 25. bxc6+ Kxc6 26. Rab1 Kc7 27. Qa5+ 1-0